Hypersenzitívna pneumonitída

Bibliographic Details
Main Author: Mohr, Lawrence C. (Author)
Format: Article
Language:Slovak
PhysicalDescription:Obr., tab.
ISSN:1214-4738
Subjects:

MARC

LEADER 00000nab a2200000 a 4500
001 vtls008415484
003 SK-MaSNL
005 20260303070006.0
008 040806c2005 xo 0 slo
015 |a SNBCL2005/5 
035 |a SLK033518 
040 |a SLKCL  |b slo  |c SNKBUCL  |e AACR2 
041 1 |a slo  |b slo 
044 |a xo  |c SK 
080 |a 616.24-002.17:616-022  |2 1981 
100 1 |a Mohr, Lawrence C.  |u Medical University of South Carolina, Charleston, South Carolina, USA  |4 aut  |9 1066800 
245 1 0 |a Hypersenzitívna pneumonitída  |c Lawrence C. Mohr 
300 |b Obr., tab. 
504 |a Res. slov. 
504 |a Bibliogr. odkazy 
650 0 7 |a choroby pľúc, intersticiálne  |x klasifikácia  |2 MESH  |9 1066801 
650 0 7 |a alveolitída alergická exogénna  |x diagnostika  |2 MESH  |9 1066802 
650 0 7 |a precipitíny  |x klasifikácia  |2 MESH  |9 1066803 
650 0 7 |a laváž bronchoalveolárna  |x využitie  |2 MESH  |9 1066804 
650 0 7 |a testy bronchoprovokačné  |2 MESH  |9 1066805 
650 0 7 |a hormóny kôry nadobličiek  |x použitie terapeutické  |2 MESH  |9 1066806 
773 0 |w SERIAL_GENERAL*000539*2005*005*001  |x 1214-4738  |t Current opinion in pulmonary medicine  |g Roč. 2, č. 1 (2005), s. 1-8 
850 |a Slovenská lekárska knižnica v Bratislave  |a BA006 
852 |a BA006  |b KIS3GCP  |b 000500000 
999 |c 1753541  |d 1755471